| 000 | 00717nam a2200205 u 4500 | ||
|---|---|---|---|
| 005 | 20241016063719.0 | ||
| 008 | 100920s2009 r 000 0 eng d | ||
| 020 | _a9786074130232 | ||
| 035 | _aUPN01000177782 | ||
| 049 | _aCG | ||
| 050 | 4 |
_aBF692.2 _bA6.6 |
|
| 245 | 0 | 0 |
_aAportaciones a los estudios de las sexualidades, las identidades y los derechos sexuales y reproductivos / _ccoord. Adriana Ortiz-Ortega. |
| 260 |
_aMéxico : _bUPN : _bUniversidad Autónoma de Baja California, _c2009. |
||
| 300 |
_a481 p. : _bcuadros, gráfs. |
||
| 650 | 2 |
_aSexualidad _97977 |
|
| 650 | 4 |
_aIdentidad de género _912839 |
|
| 650 | 4 |
_aREPRODUCCION HUMANA _914143 |
|
| 700 | 1 |
_aOrtiz-Ortega, Adriana, _ecoord. |
|
| 905 | _aLibro | ||
| 999 |
_c149885 _d149885 |
||